Weihnacht /

Guardat en:
Dades bibliogràfiques
Autor principal: May, Karl (autor)
Format: Llibre
Idioma:German
Publicat: Bamberg, Alemania : Karl May, 1953, c1953
Col·lecció:(Karl May's Gesammelte Werke ; 24)
Matèries:
Etiquetes: Afegir etiqueta
Sense etiquetes, Sigues el primer a etiquetar aquest registre!

MARC

LEADER 00000nam^a2200000^a^4500
001 000184895
005 20250521000000.0
009 20260310102130.514
020 |a 3-7802-0024-4 
037 |a Acervo ITESO - Biblioteca 
041 |a ALE 
082 |a 808. 899282  |b MAY V. 24 
100 |a May, Karl  |e (autor) 
240 1 1 |a [Karl May's Gesammelte Werke] 
245 1 0 |a Weihnacht /  |c K. May. 
264 4 |a Bamberg, Alemania :  |b Karl May,  |c 1953, c1953 
300 |a 500 p. 
336 |a texto  |b txt  |2 rdacontenido 
337 |a sin mediación  |b n  |2 rdamedio 
338 |a volumen  |b nc  |2 rdasoporte 
440 1 |a (Karl May's Gesammelte Werke ;  |v 24) 
545 0 |a Karl May (1842-1912), novelista alemán, uno de los autores más leídos en Alemania. De origen humilde y con una juventud marcada por una vida delictiva, descubrió en la cárcel sus dotes de escritor y pronto se convirtió en un autor popular de prestigio. Sus novelas de aventuras, destinadas al público infantil, se caracterizan por estar escritos en primera persona, por tener personajes de una psicología elemental y por estar ambientadas en lugares que el propio May no conocía, como el oeste norteamericano y el Medio Oriente. Entre sus obras se cuentan: La venganza de Winnetou (1893-1910); La hacienda en el desierto (1894); En las tierras del Profeta (1895), etc.; algunas de ellas fueron adaptadas al cine. Aunque no se le considera un escritor de primer nivel, continúa siendo un personaje famoso de la literatura alemana; existe una fundación que lleva su nombre en Hamburgo, y un museo en la última casa que habitó, en Radebeul, cerca de Leipzig. 
649 |a XX 
650 |a Westerns 
650 |a Novela Alemana 
650 |a Literatura Alemana -  |y Siglo XIX 
650 |a Literatura Juvenil -  |z Alemania 
910 |a Fondo General 
920 |a Impresos - Libros 
930 |a Colección General 
940 |a Literatura 
905 |a 101 
901 |a 0500125992  |b IT1  |c LIT  |u 20250521 
902 |a https://opac.biblio.iteso.mx/vufind/Record/000184895